Datum a čas kvízu

37.5 Celkem bodů Celkový počet nahraných bodů na tomto kvízu bez doplňovacích otázek.
3. Pořadí na kvízu Konečné umístění týmu na tomto kvízu.

Zaznamenané odpovědi

# Otázka Odpověď Body Výsledky
1. Vláda schválila nový významný... 30. březen 1
2. Která první dáma se minulý týd... Brigitte Macron 0
3. „Mí rodiče celý můj život kont... Beckhamových 1
4. Nápojářská skupina Kofola zaví... Nobilis Tilia 1
5. Která tenistka zaujala při vst... Naomi Ósaka 1
6. Jak se jmenuje horolezec, jenž... Radek Jaroš 1
7. Jak se trojslovně jmenuje disc... lezení na obtížnost 0
8. Jak se jedním slovem nazývá ho... mačky 1
9. Po půl bodu můžete získat, kdy... El Capitan, Yosemite 1
10. Jak se jmenuje fenomenální slo... B) Janja Garnbret 0